| 000 | 01158nam a22002417a 4500 | ||
|---|---|---|---|
| 005 | 2011021407497.0 | ||
| 008 | 110214t xxu||||| |||| 00| 0 mar d | ||
| 010 | _aMAR-20592 | ||
| 020 |
_a9788184982015 _c80.00 |
||
| 035 | _aMR-13250 | ||
| 037 | _bDBAD / PUB | ||
| 040 |
_aDPL _bMR |
||
| 082 | _a613.7045 | ||
| 100 |
_aग्रेग,चँपल _925957 |
||
| 245 |
_aफिट फॉर 50 + फॉरमेन / _cग्रेग चँपल : सुभाष जोशी द्वारा अनुवादित |
||
| 246 |
_aFit for 50 + for men _bGreg Chappll |
||
| 260 |
_aपुणे _bमेहता पब्लिशिंग हाऊस _c2011 |
||
| 270 |
_a1941 सदाशिव पेठ,माडीवाले कॉलनी _bपुणे _e411030 |
||
| 300 |
_a76पृ. _c21 सेमी (अजिल्द) |
||
| 700 |
_aजोशी,सुभाष _925959 |
||
| 942 |
_2ddc _cMR _h613.7045 _mग्रेगचँ |
||
| 999 |
_c50548 _d50548 |
||